| 000 -ლიდერი |
| ფიქსირებული სიგრძის საკონტროლო ველი |
01399nam a2200253Ia 4500 |
| 001 - საკონტროლო ნომერი |
| საკონტროლო ველი |
3449 |
| 003 - საკონტროლო ნომრის იდენტიფიკატორი |
| საკონტროლო ველი |
GE_BSU |
| 005 - ბოლო ოპერაციის თარიღი და დრო |
| საკონტროლო ველი |
20190614150701.0 |
| 008 - ფიქსირებული სიგრძის მონაცემთა ელემენტები - ზოგადი ინფორმაცია |
| ფიქსირებული სიგრძის საკონტროლო ველი |
181216s2009||||ge |||||||||||||| ||geo|| |
| 020 ## - წიგნის საერთაშორისო სტანდარტული ნომერი |
| International Standard Book Number |
9789941101427 |
| 040 ## - კატალოგიზაციის წყარო |
| Transcribing agency |
GE_BSU |
| 041 ## - ენის კოდი |
| Language code of text/sound track or separate title |
geo |
| 080 ## - უნივერსალური ათობითი კლასიფიკაციის ინდექსი |
| Universal Decimal Classification number |
577.1:622.952 |
| 100 ## - მთავარი ჩანაწერი - პიროვნების სახელი |
| Personal name |
ძნელაძე, ზურაბ |
| 9 (RLIN) |
2497 |
| 245 ## - ცნობა სათაურის შესახებ |
| Title |
ჩაის ახალი პროდუქტების ბიოქიმია-ტექნოლოგია / |
| Statement of responsibility, etc |
ზურაბ ძნელაძე ; რედ. ნელი ელიზბარაშვილი ; საქ. მეცნ. და განათლ. სამინ., ჩაის, სუბტროპ. კულტურებისა და ჩაის მრეწვ. ინ-ტი. |
| 264 ## - წარმოების, გამოცემის, დისტრიბუციის და სხვა ცნობები |
| გამოცემის, წარმოების, დისტრიბუციის... ადგილი |
თბილისი : |
| გამოცემის, წარმოების, დისტრიბუციის... სახელწოდება |
მერიდიანი, |
| გამოცემის, წარმოების, დისტრიბუციის... თარიღი |
2009. |
| 300 ## - ფიზიკური აღწერა |
| Extent |
166 გვ.: |
| Other physical details |
ილ., ცხრ. ; |
| Dimensions |
20 სმ. |
| 653 ## - INDEX TERM--UNCONTROLLED |
| Uncontrolled term |
მეჩაიეობა |
| 653 ## - INDEX TERM--UNCONTROLLED |
| Uncontrolled term |
ჩაის ტექნოლოგია |
| 700 ## - ADDED ENTRY--PERSONAL NAME |
| Personal name |
ელიზბარაშვილი, ნელი |
| Relator term |
რედაქტორი |
| 9 (RLIN) |
2498 |
| 710 ## - ADDED ENTRY--CORPORATE NAME |
| Corporate name or jurisdiction name as entry element |
საქ. მეცნ. და განათლ. სამინისტრო |
| 9 (RLIN) |
2499 |
| 710 ## - ADDED ENTRY--CORPORATE NAME |
| Corporate name or jurisdiction name as entry element |
ჩაის, სუბტროპ. კულტურებისა და ჩაის მრეწვ. ინ-ტი |
| 9 (RLIN) |
2500 |
| 942 ## - ADDED ENTRY ELEMENTS (KOHA) |
| Koha item type |
წიგნი |
| Source of classification or shelving scheme |
|